[Event "Hillerod Byturnering D"]
[Site "Hillerod"]
[Date "2016.06.14"]
[Round "7"]
[White "Hansen, Hardy"]
[Black "Pedersen, Anders Hovgaard"]
[Result "0-1"]
[WhiteElo "1401"]
[BlackElo "1634"]
[PlyCount "52"]
[EventDate "2016.04.26"]
[EventType "tourn"]
[EventRounds "7"]
[EventCountry "DEN"]
[SourceTitle "EXT 2024"]
[Source "ChessBase"]
[SourceDate "2023.10.10"]
[SourceVersion "1"]
[SourceVersionDate "2023.10.10"]
[SourceQuality "1"]

1. d4 e6 2. c3 b6 3. Bf4 Bb7 4. Nf3 h6 5. h3 Be7 6. e3 Nf6 7. Na3 0-0 8. Bd3 Nd5 9. Bg3 Bxa3 10. bxa3 Nxc3 11. Qc2 Nd5 12. 0-0 d6 13. e4 Ne7 14. Rfd1 f5 15. Bh4 Qe8 16. Bxe7 Qxe7 17. Re1 c5 18. dxc5 dxc5 19. Ne5 Qf6 20. exf5 exf5 21. Rad1 Re8 22. Bc4+ Kh7 23. Ng4 Rxe1+ 24. Rxe1 Qg6 25. Ne3 Nd7 26. Nxf5 Qxg2# 0-1

[Event "Hillerod Byturnering D"]
[Site "Hillerod"]
[Date "2016.05.17"]
[Round "3"]
[White "Pedersen, Anders Hovgaard"]
[Black "Rand, Svend Aage"]
[Result "1-0"]
[WhiteElo "1634"]
[BlackElo "1522"]
[PlyCount "81"]
[EventDate "2016.04.26"]
[EventType "tourn"]
[EventRounds "7"]
[EventCountry "DEN"]
[SourceTitle "EXT 2024"]
[Source "ChessBase"]
[SourceDate "2023.10.10"]
[SourceVersion "1"]
[SourceVersionDate "2023.10.10"]
[SourceQuality "1"]

1. e4 c5 2. Nf3 Nc6 3. d4 cxd4 4. Nxd4 d6 5. Nc3 a6 6. Bc4 e6 7. Be3 Be7 8. Qd2 Bf6 9. 0-0 Nge7 10. Rad1 d5 11. exd5 exd5 12. Bb3 0-0 13. Nde2 Bxc3 14. Nxc3 Bg4 15. f3 Be6 16. a3 Nf5 17. Bxd5 Nxe3 18. Qxe3 Bxd5 19. Rxd5 Qc7 20. Ne4 Ne7 21. Rd2 Rae8 22. b4 Nf5 23. Qg5 Qb6+ 24. Kh1 Qe6 25. Re1 h6 26. Qf4 Ne7 27. Rde2 Ng6 28. Nf6+ gxf6 29. Rxe6 Rxe6 30. Qg3 Rxe1+ 31. Qxe1 Rc8 32. Qe4 Rd8 33. h3 b5 34. c4 bxc4 35. Qxc4 Rd6 36. Qc5 Re6 37. a4 Nh4 38. Qh5 Ng6 39. Qxh6 Rb6 40. Qd2 Ne5 41. Qd8+ 1-0

[Event "Hillerod Byturnering D"]
[Site "Hillerod"]
[Date "2016.05.10"]
[Round "2"]
[White "So, John"]
[Black "Pedersen, Anders Hovgaard"]
[Result "0-1"]
[WhiteElo "1496"]
[BlackElo "1634"]
[PlyCount "84"]
[EventDate "2016.04.26"]
[EventType "tourn"]
[EventRounds "7"]
[EventCountry "DEN"]
[SourceTitle "EXT 2024"]
[Source "ChessBase"]
[SourceDate "2023.10.10"]
[SourceVersion "1"]
[SourceVersionDate "2023.10.10"]
[SourceQuality "1"]

1. e4 c5 2. Nf3 Nc6 3. c3 g6 4. Be2 Bg7 5. d3 d5 6. exd5 Qxd5 7. 0-0 Nf6 8. Na3 0-0 9. Nb5 Qd7 10. Bf4 a6 11. Na3 b5 12. Nc2 Nd5 13. Bg3 f5 14. h3 Bb7 15. Re1 e5 16. Bf1 Rae8 17. Rb1 Bf6 18. d4 cxd4 19. cxd4 e4 20. Bh4 exf3 21. Bxf6 Nxf6 22. Rxe8 Rxe8 23. gxf3 Rd8 24. Bg2 Nxd4 25. Nxd4 Qxd4 26. Qb3+ Kg7 27. Kh2 Qd3 28. Qxd3 Rxd3 29. Rc1 Bxf3 30. Rc7+ Kh6 31. Bxf3 Rxf3 32. Kg2 Rd3 33. Rc6 Ne4 34. Rxa6 Rd2 35. Kf3 Rxf2+ 36. Ke3 Rxb2 37. h4 b4 38. Kd4 b3 39. a3 Ra2 40. Kc4 b2 41. Rb6 Nd2+ 42. Kc3 b1Q 0-1

[Event "Hillerod CC-ch C"]
[Site "Hillerod"]
[Date "2016.01.15"]
[Round "2"]
[White "Lang, Daniel Barselajsen"]
[Black "Pedersen, Anders Hovgaard"]
[Result "0-1"]
[WhiteElo "1486"]
[BlackElo "1544"]
[PlyCount "28"]
[EventDate "2016.01.05"]
[EventType "swiss"]
[EventRounds "9"]
[EventCountry "DEN"]
[SourceTitle "EXT 2024"]
[Source "ChessBase"]
[SourceDate "2023.10.10"]
[SourceVersion "1"]
[SourceVersionDate "2023.10.10"]
[SourceQuality "1"]

1. e4 e5 2. Nf3 Nc6 3. Bc4 Bc5 4. b4 Bxb4 5. c3 Ba5 6. d4 Nf6 7. 0-0 Nxe4 8. Re1 Nxc3 9. Qb3 Nxb1 10. Bxf7+ Kf8 11. Ba3+ Nxa3 12. Rec1 exd4 13. Rxc6 Qe7 14. Rxc7 Bxc7 0-1

[Event "Hillerod op"]
[Site "Hillerod"]
[Date "2015.10.20"]
[Round "7"]
[White "Pedersen, Anders Hovgaard"]
[Black "Nygaard, Soren"]
[Result "1/2-1/2"]
[WhiteElo "1348"]
[BlackElo "1748"]
[PlyCount "76"]
[EventDate "2015.09.08"]
[EventType "swiss"]
[EventRounds "7"]
[EventCountry "DEN"]
[SourceTitle "EXT 2024"]
[Source "ChessBase"]
[SourceDate "2023.10.10"]
[SourceVersion "1"]
[SourceVersionDate "2023.10.10"]
[SourceQuality "1"]

1. e4 c5 2. Nc3 Nc6 3. f4 d6 4. Nf3 g6 5. Bc4 Bg7 6. d3 Nf6 7. Be3 0-0 8. a3 a6 9. 0-0 e6 10. Qe1 b5 11. Bb3 Ng4 12. Bd2 Bb7 13. h3 Nf6 14. Qh4 Qc7 15. f5 exf5 16. Bh6 Ne5 17. Ng5 c4 18. Bxg7 Kxg7 19. d4 cxb3 20. dxe5 Qc5+ 21. Kh1 Qxe5 22. exf5 Nh5 23. Rae1 Ng3+ 24. Kg1 Qc5+ 25. Rf2 Nh5 26. fxg6 hxg6 27. Re7 Bd5 28. Nxd5 Qxd5 29. Ne6+ Kg8 30. Nxf8 Rxf8 31. c3 Qd1+ 32. Rf1 Qd3 33. Rf3 Qb1+ 34. Kh2 Qxb2 35. Qb4 d5 36. Ra7 Ng7 37. Qxf8+ Kxf8 38. Rfxf7+ Kg8 1/2-1/2